Normal view
MARC view
- Areeb Waseem Abrar Anwar Qureshi
Entry Personal Name
001 - CONTROL NUMBER
- control field: 71350
003 - CONTROL NUMBER IDENTIFIER
- control field: NUST
005 - DATE AND TIME OF LATEST TRANSACTION
- control field: 20210628204626.0
008 - FIXED-LENGTH DATA ELEMENTS
- fixed length control field: 210628|| aca||aabn | a|a d
040 ## - CATALOGING SOURCE
- Original cataloging agency: NUST
- Transcribing agency: NUST
100 ## - HEADING--PERSONAL NAME
- Personal name: Areeb Waseem Abrar Anwar Qureshi
670 ## - SOURCE DATA FOUND
- Source citation: Work cat.: (NUST): Areeb Waseem Abrar Anwar Qureshi , PR-SOF-1636-Control Design of Hybrid Tri-Copter With Fixed-Wing Profile, 2017
